000 00191nam a2200073Ia 4500
008 170524s9999 xx 000 0 und d
100 _aCHUNAWALA- S. A.
245 0 _aFoundations of Advertising
260 _bNew Delhi: Himalya
999 _c8580
_d8580